00299nam a2200121Ia 4500008004100000041000800041082001200049100001300061245004500074260002700119300002600146365000500172240624s9999 xx 000 0 und d aeng a823 RAN aRAND AYN aANTHEM WITH AN INTRODUCTION BY LEONARD P c1961aNew YorkbSignet axvi, : 253 : cm. ; 18 c